Normal view
MARC view
- Abbas, Maj Mubashir (TE-46 / TCC-22)
Entry Personal Name
001 - CONTROL NUMBER
- control field: 131515
003 - CONTROL NUMBER IDENTIFIER
- control field: NUST
005 - DATE AND TIME OF LATEST TRANSACTION
- control field: 20251024101848.0
008 - FIXED-LENGTH DATA ELEMENTS
- fixed length control field: 251024|| aca||aabn | a|a d
040 ## - CATALOGING SOURCE
- Original cataloging agency: NUST
- Transcribing agency: NUST
100 ## - HEADING--PERSONAL NAME
- Personal name: Abbas, Maj Mubashir (TE-46 / TCC-22)
670 ## - SOURCE DATA FOUND
- Source citation: Work cat.: (NUST)210868: Abbas, Maj Mubashir (TE-46 / TCC-22), Automatic Alignment of microwave dish antennas /, 2013
